№ 12. Т. 2 : Устройство получения информации о параметрах технологических процессов. Вып. 8 : Комплексы пневматических измерительных преобразователей (датчиков). Средства измерения расхода; Государственная система промышленных приборов и средств автоматизации

Dettagli Bibliografici
Parent link:Государственная система промышленных приборов и средств автоматизации: отраслевой каталог на серийно выпускаемое и перспективное оборудование. № 12. Т. 2 : Устройство получения информации о параметрах технологических процессов. Вып. 8 : Комплексы пневматических измерительных преобразователей (датчиков). Средства измерения расхода.— , 1979-1982
Ente Autore: Центральный научно-исследовательский институт информации и технико-экономических исследований приборостроения, средств автоматизации и систем управления
Riassunto:Исключено из фонда НТБ ТПУ
Lingua:russo
Pubblicazione: 1981
Natura: MixedMaterials Libro
KOHA link:https://koha.lib.tpu.ru/cgi-bin/koha/opac-detail.pl?biblionumber=133670

MARC

LEADER 00000nam2a2200000 4500
001 133670
005 20231101220437.0
035 |a (RuTPU)RU\TPU\book\144888 
035 |a RU\TPU\book\144880 
090 |a 133670 
100 |a 20080319g1981 k y0rusy50 ca 
101 0 |a rus 
102 |a RU 
105 |a a b 000zy 
200 0 |a № 12. Т. 2 : Устройство получения информации о параметрах технологических процессов. Вып. 8 : Комплексы пневматических измерительных преобразователей (датчиков). Средства измерения расхода  |f Центральный научно-исследовательский институт информации и технико-экономических исследований приборостроения, средств автоматизации и систем управления 
210 |d 1981 
215 |a 92 с.  |c ил. 
333 |a Исключено из фонда НТБ ТПУ 
461 1 |0 (RuTPU)RU\TPU\book\141258  |t Государственная система промышленных приборов и средств автоматизации  |o отраслевой каталог на серийно выпускаемое и перспективное оборудование  |v № 12. Т. 2 : Устройство получения информации о параметрах технологических процессов. Вып. 8 : Комплексы пневматических измерительных преобразователей (датчиков). Средства измерения расхода  |d 1979-1982 
712 0 2 |a Центральный научно-исследовательский институт информации и технико-экономических исследований приборостроения, средств автоматизации и систем управления  |9 24909 
801 1 |a RU  |b 63413507  |c 20080204  |g PSBO 
801 2 |a RU  |b 63413507  |c 20220620  |g PSBO 
942 |c BK